=LDR 00000nam 2200000 4500 =001 INLIS000000000055085 =005 20200312084612 =035 ##$$a 0010-0320000192 =007 ta =008 200312###########################0#ind## =020 ##$$a 978-602-1279-34-2 =082 ##$$a 629.252 =084 ##$$a 629.252 Sam e =245 1#$$a Emisi Transportasi : $b Kuantitas emisi berdasarkan marni model /$c Sumarni Hamid Aly =250 ##$$a cet 1 =300 ##$$a 140 halaman : $b Ilustrasi ; $c 20 cm =650 #4$$a Udara - Pencemaran - Pengangkutan - ASpek lingkungan =700 #$$a Editor ; Rahmansyah Dermawan =504 ##$$a Bibliografi : halaman 120 - 124 =264 ##$$a Jakarta :$b Penebar plus,$c 2015 =336 ##$$a Teks$2 rdacontent =337 ##$$a lain-lain$2 rdamedia =338 ##$$a lain-lain$2 rdacarrier =990 ##$$a 79307930 =990 ##$$a 79307930